Conciencia moral y acción comunicativa /

Cuatro ensayos de Habermas (1929), filósofo y sociólogo alemán, en el que reflexiona en torno a la ética y las ciencias sociales desde su propuesta teórica de la acción comunicativa. Contenido: 1. La filosofía como vigilante e intérprete; 2. Ciencias sociales reconstructivas vs. comprensivas; 3. Eti...

Ful tanımlama

Kaydedildi:
Detaylı Bibliyografya
Yazar: Habermas, Jürgen (autor)
Materyal Türü: Kitap
Dil:İspanyolca
Baskı/Yayın Bilgisi: Barcelona, España : Península, 1985, c1985
Seri Bilgileri:(Homo Sociologicus ; 34)
Konular:
Etiketler: Etiketle
Etiket eklenmemiş, İlk siz ekleyin!

MARC

LEADER 00000nam^a2200000^a^4500
001 000182835
005 20250521000000.0
009 20260310102020.82
020 |a 84-297-2316-1 
037 |a Acervo ITESO - Biblioteca 
041 |a ESP 
082 |a 300. 1  |b HAB 
100 |a Habermas, Jürgen  |e (autor) 
240 1 1 |a [Conciencia moral y acción comunicativa] 
245 1 0 |a Conciencia moral y acción comunicativa /  |c J. Habermas ; tr. por Ramón García Cotarelo. 
264 4 |a Barcelona, España :  |b Península,  |c 1985, c1985 
300 |a 219 p. 
336 |a texto  |b txt  |2 rdacontenido 
337 |a sin mediación  |b n  |2 rdamedio 
338 |a volumen  |b nc  |2 rdasoporte 
440 1 |a (Homo Sociologicus ;  |v 34) 
500 |a Traducción de: Moralbewusstein und kommunikatives Handeln 
520 |a Cuatro ensayos de Habermas (1929), filósofo y sociólogo alemán, en el que reflexiona en torno a la ética y las ciencias sociales desde su propuesta teórica de la acción comunicativa. Contenido: 1. La filosofía como vigilante e intérprete; 2. Ciencias sociales reconstructivas vs. comprensivas; 3. Etica del discurso; 4. Conciencia moral y acción comunicativa. 
649 |a XX 
650 |a Sociedad -  |x Filosofía 
650 |a Hermenéutica 
650 |a Interacción Comunicativa 
650 |a Etica -  |x Tema Principal 
650 |a Teoría Crítica -  |x Tema Principal 
650 |a Escuela de Frankfurt 
650 |a Filosofía del Siglo XX 
650 |a Sociología de la Comunicación 
650 |a Sociología -  |x Investigación 
650 |a Sociología -  |x Teoría 
650 |a Ciencias Sociales -  |x Teoría 
650 |a Kohlberg, Lawrence 
910 |a Fondo General 
920 |a Impresos - Libros 
930 |a Colección General 
905 |a 101 
901 |a 0500053990  |b IT1  |c ACC  |u 20250521 
902 |a https://opac.biblio.iteso.mx/vufind/Record/000182835